000 00629nam a22002057a 4500
999 _c22603
_d22603
003 AR-CdUCM
008 190409b ||||| |||| 00| 0 spa d
020 _a9786123191450
040 _aMUNICIPALIDAD PROVINCIAL DEL CUSCO
_cBIBLIOTECA MUNICIPAL DEL CUSCO
082 _a868.691/B65A3
_bB65A3
100 _aBlue Jeans
_948619
245 _aAlgo tan sencillo como estar contigo /
_cBlue Jeans
260 _aLima :
_bPlaneta,
_c2017.
300 _a553 páginas. :
_c23 cm.
440 _aAlgo tan sencillo ;
_n3
_948620
650 _aNovelas españolas
_948621
650 _aSiglo XXI
_948622
942 _2ddc
_cLIBROS
945 _arac